00790nam a2200277 a 450000100060000000300040000600500170001000800410002702000150006803500120008303500210009503500170011604000270013304100080016008200180016824500730018625000210025926000320028030000280031250000360034050000200037665000200039665000210041670000440043770000310048137822MCM20211209052648.0150729s1975 nyu 001 0 eng d a0393092518 aBD-RjUL a(BD-RjUL) 37927  aGLIS00039996 aVICcVICdBD-RjULbeng aeng a821bNOR 197504aThe Norton anthology of poetry /cAlexander W. Allison ... [et al.]. aRev. shorter ed. aNew York :bNorton,cc1975. axxvii, 660 p. ;c23 cm. aFirst ed. by Arthur M. Eastman. aIncludes index. 0aEnglish poetry. 0aAmerican poetry.1 aAllison, Alexander W.q(Alexander Ward)1 aEastman, Arthur M.,d1918-